000 00435nam a2200181Ia 4500
001 13932
005 20260306164837.0
008 260306t1997||||xx |||||||||||||| ||spa||
041 _aESP
082 _a005.73
_bL22
100 _aLangsam, Yedidyah
_eAUT
245 0 _aEstructuras de datos con C y C++
260 _c1997
300 _axviii, 672 páginas :
_c24 cm.
650 _aGEN
654 _aCCC
942 _cLIB
_dJUS
_fJUS
_2ddc
_n
999 _c13932
_d13932